00000000nam 2200000zi 4500
0019.856811
003CaOODSP
00520221107155624
007cr |||||||||||
008180518t20182018onca   #o    f000 0 fre d
020 |a9780660266411
040 |aCaOODSP|bfre|erda|cCaOODSP
043 |an-cn---
0861 |aFo4-125/2018F-PDF
24500|aForesterie et remise en état des terres - une alliance naturelle : |bintroduction aux outils de sylviculture pour la remise en état des terres.
24610|aIntroduction aux outils de sylviculture pour la remise en état des terres
264 1|a[Ottawa] : |bRessources naturelles Canada, |c[2018]
264 4|c©2018
300 |a1 ressource en ligne ([4] pages) : |billustrations
336 |atexte|btxt|2rdacontent/fre
337 |ainformatique|bc|2rdamedia/fre
338 |aressource en ligne|bcr|2rdacarrier/fre
500 |aTitre de départ.
500 |aPublié aussi en anglais sous le titre : Forestry and land reclamation - a natural fit : an introduction to the silvicultural toolkit for land reclamation.
520 |a« En 2017-2018, la COSIA (l’Alliance canadienne pour l’innovation dans les sables bitumineux) a établi un partenariat avec le Services canadien des forêts (SCF) de Ressources naturelles Canada (RNCan) dans le but de concevoir une série de produits liés à la sylviculture. Ces produits démontrent comment mettre à profit les techniques du domaine forestier pour remettre en état les sites d’exploitation des sables bitumineux dans la région de l’Alberta. Cette alliance de l’expérience forestière et des objectifs en matière de remise en état des terres représente deux grandes possibilités pour les exploitants du secteur pétrolier et gazier » -- page [1].
69207|2gccst|aForesterie
69207|2gccst|aGestion des terres
69207|2gccst|aOutil
7101 |aCanada. |bRessources naturelles Canada.
77508|tForestry and land reclamation - a natural fit : |w(CaOODSP)9.856810
85640|qPDF|s468 Ko|uhttps://publications.gc.ca/collections/collection_2019/rncan-nrcan/Fo4-125-2018-fra.pdf